000 00631nam a22002057a 4500
010 _aB-012818
020 _a818578760
035 _aB-012818
037 _bCen Lib / Ret
040 _aDPL
_bEN
082 _a181.45
_bNIR
100 _aSwami Niranjanananda Saraswati
245 _aOn the wings of the swan /
_cby Swami Niranjanananda Saraswati
260 _aBihar
_bBihar School of Yoga
_c1992
270 _aG. K. Kejriwal Honorary Secretary bihar
_bBihar
300 _a(pt 3. 144p)
_b24cm(Hb)
650 _aJUVENILE FICTION / Fantasy & Magic
650 _aFairy tales.
942 _2ddc
_cEN
_h181.45
_mNIR
999 _c136777
_d136777